000 02352nam a2200277 a 4500
001 000002531
003 DO-SdBNP
005 20230814135700.0
007 ta
008 090702s2004 dr 000 0 spa d
040 _aDO-SdBNP
_bspa
_cBNPHU
082 _a338.97293
_bG748a
_222
111 2 _aGran Convención Nacional Empresarial
_n(3ª :
_d2003 dic. 4-5 :
_cSanto Domingo, República Dominicana)
_97947
245 1 0 _aAgenda empresarial para el desarrollo.
260 _aSanto Domingo :
_bCONEP,
_c2004.
300 _a290 p. ;
_c22 cm.
505 0 _gPresentación --
_tPalabras de apertura /
_rMiguel Ángel Tallaj --
_tDiscurso de clausura /
_rElena Viyella de Paliza --
_tEl reordenamiento integral del Estado --
_tLa inversión social empresarial --
_tDemocracia y libre empresa --
_tDocumento de trabajo de la Tercera Gran Convención Nacional Empresarial para el Desarrollo /
_rEcocaribe, S.A.:
_tEl entorno macroeconómico --
_tRecuperación de la estabilidad macroeconómica y del clima de inversiones --
_tCompetitividad y apertura --
_tPolítica energética --
_tSostenibilidad de la seguridad social --
_tFortalecimiento de la institucionalidad --
_tPobreza y responsabilidad social de la empresa --
_tFlujos migratorios --
_tResoluciones de la Tercera Gran Convención Empresarial --
_tPropuesta para el área educativa Acción para la Educación Básica, Inc. (EDUCA) --
_tPropuesta para el área de institucionalidad y Estado de Derecho, Fundación Institucionalidad y Justicia, Inc. (FINJUS) Área Institucionalidad y Estado de Derecho --
_tPropuestas de resoluciones --
_tPropuesta de Reforma Administrativa a la Aduana Dominicana, Asociación Dominicana de Agentes de Aduanas, Inc. (ADAA) --
_tConclusiones y recomendaciones a los partidos políticos, sus candidatos y simpatizantes que terciarán en las elecciones presidenciales de la República Dominicana.
590 _aInventariado, 2018/BT
650 4 _aDesarrollo económico
_zRepública Dominicana
_xCongresos, conferencias, etc.
_97948
650 4 _aPotencial de crecimiento
_yREPÚBLICA DOMINICANA
_xCongresos, conferencias, etc.
_97949
650 4 _aCrecimiento económico
_xCongresos, conferencias, etc.
_97950
650 4 _aPlanificación estratégica
_92433
651 4 _aRepública Dominicana
_xCondiciones Económicas
_9281
910 _aValidado. Control de calidad. EMS
942 _2ddc
_cLBS1
999 _c2367
_d2367